000 00525nam a2200181Ia 4500
008 100920s9999 xx 000 0 und d
082 _b66596
_a28 व 539 0
100 _aपाठक मंगेश.
245 _aकाचेची कहाणी.
260 _b---
_c0
300 _a28
_bसाधी
365 _b0
520 _aबा.वि.शाआ.
630 _aकाचेची कहाणी.
650 _aबा.वि.शाआ.
730 _aकाचेची कहाणी.
942 _cBOOK
999 _c709183
_d709180